The worth of a woman through God's eyes. (Record no. 14823)

000 -LEADER
fixed length control field 00775nam a2200229 a 4500
001 - CONTROL NUMBER
control field :::00012657$&:&@@
003 - CONTROL NUMBER IDENTIFIER
control field OkBaRHE
005 - DATE AND TIME OF LATEST TRANSACTION
control field 20110301192416.0
008 - FIXED-LENGTH DATA ELEMENTS--GENERAL INFORMATION
fixed length control field s1988 g 000 0 eng u
020 ## - INTERNATIONAL STANDARD BOOK NUMBER
International Standard Book Number 0892744855
040 ## - CATALOGING SOURCE
Transcribing agency
100 1# - MAIN ENTRY--PERSONAL NAME
Personal name Rogers, Susan.
9 (RLIN) 697
245 14 - TITLE STATEMENT
Title The worth of a woman through God's eyes.
260 ## - PUBLICATION, DISTRIBUTION, ETC. (IMPRINT)
Place of publication, distribution, etc Tulsa, OK., :
Name of publisher, distributor, etc Praise Books
Date of publication, distribution, etc c1988
300 ## - PHYSICAL DESCRIPTION
Extent 127 p. ;
Dimensions 22 cm.
650 ## - SUBJECT ADDED ENTRY--TOPICAL TERM
Topical term or geographic name as entry element Feminism
General subdivision Religious Aspects
-- Christianity
9 (RLIN) 698
650 ## - SUBJECT ADDED ENTRY--TOPICAL TERM
Topical term or geographic name as entry element Woman (Christian Theology)
9 (RLIN) 699
650 ## - SUBJECT ADDED ENTRY--TOPICAL TERM
Topical term or geographic name as entry element Women
General subdivision Psychology
9 (RLIN) 700
650 ## - SUBJECT ADDED ENTRY--TOPICAL TERM
Topical term or geographic name as entry element Women In The Bible
9 (RLIN) 701
942 ## - ADDED ENTRY ELEMENTS (KOHA)
Source of classification or shelving scheme
Koha item type Books
Copies
Permanent Location Shelving location Current Location Barcode Full call number Date acquired Damaged status Not for loan Total Checkouts Date last seen Source of classification or shelving scheme Total Renewals Price effective from Koha item type Lost status Date checked out Withdrawn status Copy number
RHEMA Bible Training CollegeGeneral StacksRHEMA Bible Training College12657HQ 1206 .R592010-04-14  12011-03-01 12010-04-14Books 2011-01-25 1